| 000 | 00417nam a2200169Ia 4500 | ||
|---|---|---|---|
| 003 | 0STCL | ||
| 008 | 150530s9999 xx 000 0 und d | ||
| 040 |
_aSTCL _cSTCL |
||
| 100 | _aVailopilly Sreedhara Menon | ||
| 245 | _aKutiyozhikkal | ||
| 260 |
_bSahitya Pravarthaka Co Operative Society ; Kottaya _c1980 |
||
| 300 | _a0 | ||
| 546 | _aMalayalam | ||
| 942 |
_2ddc _cBK |
||
| 999 |
_c47018 _d47018 |
||
| 005 | 20220125170718.0 | ||